000 00816cam a22002777a 4500
003 CHAP
005 20220329133006.0
008 971013s1987 r 00010 d
010 _a1021
011 _a1993
035 _a1178
040 _cCHAP
082 _a658.562
_bH3
100 0 0 _aHarrington, H. James.
_952836
245 0 _aPoor-quality cost
260 _aNew York :
_bMarcel Dekker,
_c1987
300 _a198 p.
_b: gráfs.
590 _aBATCH-UPD
_b10
_c20130110
_lUCH01
_h0014
590 _aBATCH-UPD
_b10
_c20130110
_lUCH01
_h1451
590 _aCONVERSION
_b10
_c20130109
_lUCH01
_h1302
650 1 4 _aCalidad
_xControl de la.
_917484
650 1 4 _aProductos comerciales.
_992053
901 _aBK
942 _cLIBRO
949 _a658.562 H3
_bBC
_cLIBRO
_d33724000119129
_eLIBRO
_gI. 151833
_h78324
_i1178
_si
_t144.70
999 _c1021
_d1021